Normal view
MARC view
- Fiell P Ed
Entry Personal Name
001 - CONTROL NUMBER
- control field: 22072
003 - CONTROL NUMBER IDENTIFIER
- control field: OSt
005 - DATE AND TIME OF LATEST TRANSACTION
- control field: 20220803172105.0
008 - FIXED-LENGTH DATA ELEMENTS
- fixed length control field: 220803|| aca||aabn | a|a d
040 ## - CATALOGING SOURCE
- Original cataloging agency: OSt
- Transcribing agency: OSt
100 ## - HEADING--PERSONAL NAME
- Personal name: Fiell P Ed
670 ## - SOURCE DATA FOUND
- Source citation: Work cat.: (OSt)14412: Charlotte Ed. 22070, Domus : 1985-1989, 2006